000 00622nam a2200193 i 4500
001 32673
003 ES-MaACL
005 20250813063259.0
007 t|
008 030131s1879 fr ||||1| fre d
100 1 _aBerthelot, Marcellin,
_d1827-1907
_9125961
245 1 0 _aEssai de mécanique chimique fondée sur la thermochimie /
_cpar M. Berthelot.
260 _aParís :
_bDunod,
_c1879 (
_fE. Martinet)
300 _a2 v. :
_bil. ;
_c25 cm.
505 8 _aContiene: t. 1. Calorimétrie. - t. 2. Mécanique
650 4 _aCalorimetría.
_9150378
852 _aES-MaACL
_jF-11313-14
999 _c32673
_d32673